|
|
|
|
| LEADER |
01170nam a2200289 a 4500 |
| 001 |
11827326 |
| 008 |
100509s2000 nyuab b 001 0 eng d |
| 010 |
|
|
|a 99057006
|
| 020 |
|
|
|a 0231112084 (cloth : alk. paper)
|
| 020 |
|
|
|a 0231112092 (pbk. : alk. paper)
|
| 040 |
|
|
|a DLC
|c DLC
|d DLC
|d BD-DhAAL
|
| 082 |
0 |
0 |
|a 304.2/5
|2 21
|
| 245 |
0 |
4 |
|a The way the wind blows :
|b climate, history, and human action /
|c edited by Roderick J. McIntosh, Joseph A. Tainter, Susan Keech McIntosh.
|
| 260 |
|
|
|a New York :
|b Columbia University Press,
|c c2000.
|
| 300 |
|
|
|a xvii, 413 p. :
|b ill., maps ;
|c 27 cm.
|
| 490 |
0 |
|
|a The historical ecology series
|
| 504 |
|
|
|a Includes bibliographical references and index.
|
| 541 |
1 |
|
|e 00020155
|
| 650 |
|
0 |
|a Climatic changes.
|
| 650 |
|
0 |
|a Nature
|x Effect of human beings on.
|
| 650 |
|
0 |
|a Human ecology.
|
| 700 |
1 |
|
|a McIntosh, Roderick J.
|
| 700 |
1 |
|
|a Tainter, Joseph A.
|
| 700 |
1 |
|
|a McIntosh, Susan Keech.
|
| 852 |
4 |
|
|a Ayesha Abed Library
|j General shelf
|
| 999 |
|
|
|c 8459
|d 8459
|
| 952 |
|
|
|0 0
|1 0
|2 ddc
|4 0
|6 304_250000000000000_WAY_2000
|7 0
|9 9946
|a IGS
|b IGS
|c GEN
|d 2010-05-09
|l 2
|m 3
|o 304.25 WAY
|p 3010020155
|r 2014-06-09
|s 2012-12-31
|t 1
|w 2010-05-09
|y BK
|